| 000 | 00635nam a2200205 a 4500 | ||
|---|---|---|---|
| 005 | 20140310183456.0 | ||
| 008 | 091207s19uu xx 00 eng d | ||
| 020 | _a9780763738686 | ||
| 050 |
_aHF 5549.5.R44 _b.L45 2007 |
||
| 100 | _aLevoy, Bob | ||
| 245 |
_a222 secrets of hiring, managing, and retaining great employees in healthcare practices / _cBob Levoy |
||
| 260 |
_aBoston : _bJones and Bartlett Publishers, _c2007. |
||
| 300 |
_a322 p. : _c23 cm. |
||
| 521 | _aBSBA | ||
| 650 |
_aEmployees _xRecruiting. |
||
| 650 | _aPersonnel management. | ||
| 650 | _aEmployee retention. | ||
| 942 |
_cBK _2lcc _kFOR |
||
| 999 |
_c23631 _d23631 |
||